MARC

LEADER 00000nam0a2200000 4500
001 160016
005 20231031155424.0
010 |a 5714003063 
020 |a RU  |b 92-2991 
035 |a (RuTPU)RU\TPU\book\173536 
090 |a 160016 
100 |a 20090516d1991 m a0rusy5003 ca 
101 1 |a rus  |c ger 
102 |a RU 
105 |a a z 001zy 
200 1 |a Отзвуки былого  |e размышления и воспоминания   |e пер. с нем.  |f Д. Фишер-Дискау 
210 |a Москва  |c Музыка  |d 1991 
215 |a 285,[1] с., [8] л. ил.  |d 22 см 
225 1 |a Звезды музыкального мира 
320 |a Аннот. имен. указ.: с. 261-285. 
610 1 |a вокальное искусство 
610 1 |a немецкий оперный театр 
610 1 |a музыкальная культура 
610 1 |a воспоминания 
610 1 |a записки 
610 1 |a 20 век 
610 1 |a история 
675 |a 784  |z rus 
700 1 |a Фишер-Дискау  |b Д.  |g Дитрих  |4 070 
801 0 |a RU  |b RuMRKP  |c 19950417  |g psbo 
801 1 |a RU  |b 63413507  |c 20090516  |g PSBO 
801 2 |a RU  |b 63413507  |c 20100504  |g PSBO 
942 |c BK